000 00896nam a2200241Ia 4500
003 GCL
008 140319s9999 xx 000 0 ara d
020 _a0121322977
040 _aGCL /
_cGCL
082 0 4 _aق
_b953.08
_bع ع
100 1 _aعلاء طه رزق
245 1 0 _aعامة القاهرة في عصر سلاطين المماليك /
_cعلاء طه رزق
250 _aالاولى
260 _aالقاهرة :
_bعين للدراسات والبحوث الانسانية والاجتماعية ،
_c2003
300 _a238 ص ؛
_c24 سم
650 0 4 _aدولة المماليك
650 0 4 _aالقاهرة
650 0 4 _aمصر - تاريخ - عصر المماليك ( 1250-1517 م )
650 0 4 _aالقاهرة - تاريخ
650 0 4 _aالقاهرة - الاحوال الاجتماعية
650 0 4 _aالطبقات الاجتماعية - مصر
942 _2ddc
_cBK
999 _c6330
_d6330